[Event "Neuenkirchen SFN CC-ch"]
[Site "Neuenkirchen"]
[Date "2012.04.20"]
[Round "8"]
[White "Roesner, Harald"]
[Black "Winter, Reinhold"]
[Result "0-1"]
[WhiteElo "1986"]
[BlackElo "1482"]
[PlyCount "133"]
[EventDate "2011.09.16"]
[EventType "tourn"]
[EventRounds "9"]
[EventCountry "GER"]
[SourceTitle "EXT 2013"]
[Source "ChessBase"]
[SourceDate "2012.11.22"]
[SourceVersion "1"]
[SourceVersionDate "2012.11.22"]
[SourceQuality "1"]

1. d4 Nf6 2. Nf3 e6 3. Bf4 b6 4. e3 Bb7 5. c4 Bb4+ 6. Nc3 d6 7. Bd3 Nbd7 8. 0-0 Bxc3 9. bxc3 Nh5 10. Bg5 Nhf6 11. e4 h6 12. Bxf6 Nxf6 13. Qe2 0-0 14. Rfd1 Qe7 15. e5 dxe5 16. Nxe5 c5 17. Rac1 Rfd8 18. Bb1 cxd4 19. cxd4 Rac8 20. h3 Qb4 21. Qe3 Rc7 22. a3 Qa5 23. Qc3 Rdc8 24. Qb3 Be4 25. Bxe4 Nxe4 26. Rc2 Nd6 27. Rdc1 Qa6 28. c5 bxc5 29. dxc5 Nb5 30. Qd3 Qa5 31. Nf3 a6 32. Ra1 Rxc5 33. Rxc5 Rxc5 34. a4 Rd5 35. Qe3 Qc3 36. Rc1 Qxe3 37. fxe3 Nd6 38. Rb1 g5 39. Rb6 a5 40. Nd4 Nc4 41. Rb8+ Kg7 42. Kf2 Re5 43. Rb3 Nd2 44. Rb7 Ne4+ 45. Kf3 Nc3 46. Nc6 Rf5+ 47. Kg3 Nxa4 48. Ra7 Nc3 49. Rxa5 Ne4+ 50. Kh2 Rxa5 51. Nxa5 Kg6 52. Nc4 h5 53. g3 Kf5 54. Kg2 g4 55. hxg4+ hxg4 56. Kh2 e5 57. Kg2 Ke6 58. Nb6 f5 59. Nc4 Kd5 60. Nb6+ Kc6 61. Nc4 Kd5 62. Nb6+ Ke6 63. Nc4 Nd6 64. Nb6 e4 65. Kf2 Nf7 66. Ke2 Ne5 67. Kd2 0-1

[Event "Steinfurt Bezirksliga 1112"]
[Site "Germany"]
[Date "2012.03.03"]
[Round "6.3"]
[White "Schellmann, Mareike"]
[Black "Roesner, Harald"]
[Result "0-1"]
[WhiteElo "1541"]
[BlackElo "1828"]
[PlyCount "38"]
[EventDate "2011.10.01"]
[EventType "team-tourn"]
[EventRounds "9"]
[EventCountry "GER"]
[SourceTitle "EXT 2013"]
[Source "ChessBase"]
[SourceDate "2012.11.22"]
[SourceVersion "1"]
[SourceVersionDate "2012.11.22"]
[SourceQuality "1"]
[WhiteTeam "Emsdetten Rochade III"]
[BlackTeam "Neuenkirchen II"]
[WhiteTeamCountry "GER"]
[BlackTeamCountry "GER"]

1. e4 e5 2. Nf3 Nc6 3. Bc4 Nf6 4. Nc3 Nxe4 5. Nxe4 d5 6. Bb5 dxe4 7. Nxe5 Qd5 8. Bxc6+ bxc6 9. Ng4 Ba6 10. Ne3 Qe5 11. f3 Be7 12. Kf2 f5 13. Re1 f4 14. d4 fxe3+ 15. Rxe3 Qxh2 16. Rxe4 0-0 17. c3 Bh4+ 18. Ke3 Qxg2 19. Rxh4 Qg5+ 0-1

[Event "Neuenkirchen SFN CC-ch"]
[Site "Neuenkirchen"]
[Date "2011.12.02"]
[Round "4"]
[White "Roesner, Harald"]
[Black "Miethe, Christoph"]
[Result "1-0"]
[WhiteElo "1986"]
[BlackElo "1866"]
[PlyCount "101"]
[EventDate "2011.09.16"]
[EventType "tourn"]
[EventRounds "9"]
[EventCountry "GER"]
[SourceTitle "EXT 2013"]
[Source "ChessBase"]
[SourceDate "2012.11.22"]
[SourceVersion "1"]
[SourceVersionDate "2012.11.22"]
[SourceQuality "1"]

1. e4 e5 2. Nf3 d6 3. d4 exd4 4. Nxd4 Nf6 5. Nc3 Be7 6. Bd3 Bd7 7. 0-0 Nc6 8. Nxc6 Bxc6 9. f4 d5 10. e5 Bc5+ 11. Kh1 Ne4 12. Bxe4 dxe4 13. Qe2 Qd4 14. Nb5 Qd7 15. a4 0-0-0 16. Be3 Bxb5 17. axb5 Bxe3 18. Qxe3 Qd4 19. Qh3+ Kb8 20. Qa3 Qb6 21. c4 Rd3 22. Qb4 c5 23. Qe1 Rd4 24. b3 Rhd8 25. h3 f5 26. exf6 gxf6 27. f5 Qc7 28. Qe3 Qe5 29. Qc3 b6 30. Rae1 Qd6 31. Qe3 Re8 32. Qh6 Qe7 33. Re3 Rd3 34. Rfe1 Rxe3 35. Rxe3 Ka8 36. Qf4 Kb7 37. Kg1 a6 38. bxa6+ Kxa6 39. Kf2 Qe5 40. Qxe5 Rxe5 41. g4 h5 42. Kg3 hxg4 43. hxg4 Ka5 44. Kf4 Re8 45. Rxe4 Rd8 46. g5 fxg5+ 47. Kxg5 Rd1 48. f6 Rg1+ 49. Kf5 Rh1 50. f7 Kb4 51. f8Q 1-0

[Event "Steinfurt Bezirksliga 1112"]
[Site "Germany"]
[Date "2011.11.26"]
[Round "3.3"]
[White "Roesner, Harald"]
[Black "Melcher, Guenter Herbert"]
[Result "1-0"]
[WhiteElo "1828"]
[BlackElo "1699"]
[PlyCount "63"]
[EventDate "2011.10.01"]
[EventType "team-tourn"]
[EventRounds "9"]
[EventCountry "GER"]
[SourceTitle "EXT 2013"]
[Source "ChessBase"]
[SourceDate "2012.11.22"]
[SourceVersion "1"]
[SourceVersionDate "2012.11.22"]
[SourceQuality "1"]
[WhiteTeam "Neuenkirchen II"]
[BlackTeam "Steinfurt II"]
[WhiteTeamCountry "GER"]
[BlackTeamCountry "GER"]

1. e4 c5 2. c3 e6 3. d4 d5 4. exd5 exd5 5. Nf3 Nc6 6. Be3 c4 7. b3 b5 8. a4 Ba6 9. axb5 Bxb5 10. bxc4 dxc4 11. Nbd2 Qd5 12. Qe2 a6 13. Nxc4 Rc8 14. Qa2 Nxd4 15. Bxd4 Bxc4 16. Bxc4 Qxc4 17. Qxc4 Rxc4 18. Rxa6 Rc8 19. Kd2 f6 20. Re1+ Kf7 21. Ra7+ Kg6 22. Nh4+ Kg5 23. Ra5+ Kh6 24. f4 g6 25. g4 Bd6 26. g5+ Kh5 27. Ng2 Kg4 28. gxf6 Nh6 29. Rg5+ Kh3 30. Bg1 Nf5 31. Re3+ Nxe3 32. Rg3# 1-0

[Event "Steinfurt Bezirksliga 0910"]
[Site "Germany"]
[Date "2010.03.13"]
[Round "7.2"]
[White "Boehlich, Daniel"]
[Black "Roesner, Harald"]
[Result "0-1"]
[WhiteElo "1733"]
[BlackElo "1781"]
[PlyCount "110"]
[EventDate "2009.09.12"]
[EventType "team-tourn"]
[EventRounds "9"]
[EventCountry "GER"]
[SourceTitle "EXT 2011"]
[Source "ChessBase"]
[SourceDate "2010.11.26"]
[SourceVersion "1"]
[SourceVersionDate "2010.11.26"]
[SourceQuality "1"]
[WhiteTeam "Steinfurt II"]
[BlackTeam "Neuenkirchen II"]
[WhiteTeamCountry "GER"]
[BlackTeamCountry "GER"]

1. d4 Nf6 2. c4 g6 3. f3 d5 4. cxd5 Nxd5 5. e4 Nb6 6. Nc3 Bg7 7. Be3 Nc6 8. Bb5 Bd7 9. Nge2 a6 10. Bxc6 Bxc6 11. Qb3 e6 12. 0-0 0-0 13. Rfd1 Qe7 14. Bf2 Rfd8 15. a4 a5 16. Nb5 Be8 17. Bg3 Bxb5 18. Qxb5 Qd7 19. Rac1 Nxa4 20. Qxd7 Rxd7 21. b3 Nb6 22. Rxc7 a4 23. Rxd7 Nxd7 24. bxa4 Rxa4 25. d5 Ra1 26. Rxa1 Bxa1 27. Nf4 exd5 28. Nxd5 f6 29. Kf2 Kf7 30. Ke3 Ne5 31. Bxe5 Bxe5 32. f4 Bb8 33. Kd4 Ke6 34. Kc4 Bd6 35. Kd4 Bb8 36. Kc4 Bd6 37. Kd4 b5 38. Nc3 Bxf4 39. Nxb5 Bxh2 40. Ke3 Be5 41. Kf3 h5 42. Na3 Kd6 43. Nc4+ Kc5 44. Ne3 Kd4 45. Nc2+ Kc3 46. Ne3 Kd3 47. g4 Bd4 48. Ng2 hxg4+ 49. Kxg4 Kxe4 50. Kg3 f5 51. Ne1 g5 52. Nf3 Be3 53. Ne1 Bf4+ 54. Kg2 g4 55. Nc2 Be5 0-1

[Event "Steinfurt Bezirk-ch 0910"]
[Site "Neuenkirchen"]
[Date "2009.11.27"]
[Round "4"]
[White "Roesner, Harald"]
[Black "Sommer, Uwe"]
[Result "0-1"]
[WhiteElo "1773"]
[BlackElo "2001"]
[PlyCount "94"]
[EventDate "2009.10.23"]
[EventType "swiss"]
[EventRounds "7"]
[EventCountry "GER"]
[SourceTitle "EXT 2011"]
[Source "ChessBase"]
[SourceDate "2010.11.26"]
[SourceVersion "1"]
[SourceVersionDate "2010.11.26"]
[SourceQuality "1"]

1. d4 g6 2. Nf3 Bg7 3. Bf4 c5 4. c3 cxd4 5. cxd4 Qb6 6. Qd2 Nf6 7. Nc3 d6 8. e3 0-0 9. Be2 Bf5 10. 0-0 Nbd7 11. h3 Ne4 12. Nxe4 Bxe4 13. Ng5 Nf6 14. Nxe4 Nxe4 15. Qc2 Nf6 16. Rfc1 Nd5 17. Bg3 e5 18. dxe5 dxe5 19. Bf3 Rad8 20. a3 Rd7 21. Qc4 Rfd8 22. Bh4 Bf6 23. Bxf6 Nxf6 24. Rc2 Kg7 25. Rac1 Qa5 26. g3 e4 27. b4 Qf5 28. Bg2 Rd1+ 29. Rxd1 Rxd1+ 30. Kh2 b6 31. Qe2 Qd5 32. f3 Ra1 33. Rd2 Qe5 34. Ra2 exf3 35. Bxf3 Rxa2 36. Qxa2 Qxe3 37. Kg2 Qd4 38. g4 Nd7 39. Bd5 Ne5 40. Bb7 Nd3 41. Kf3 Qf4+ 42. Kg2 Ne1+ 43. Kg1 Qg3+ 44. Kf1 Nd3 45. Qe2 Qxh3+ 46. Bg2 Qg3 47. Bf3 Ne5 0-1

[Event "Steinfurt Bezirk-ch 0910"]
[Site "Neuenkirchen"]
[Date "2009.11.06"]
[Round "2"]
[White "Roesner, Harald"]
[Black "Mueller, Achim"]
[Result "1/2-1/2"]
[WhiteElo "1773"]
[BlackElo "1946"]
[PlyCount "109"]
[EventDate "2009.10.23"]
[EventType "swiss"]
[EventRounds "7"]
[EventCountry "GER"]
[SourceTitle "EXT 2011"]
[Source "ChessBase"]
[SourceDate "2010.11.26"]
[SourceVersion "1"]
[SourceVersionDate "2010.11.26"]
[SourceQuality "1"]

1. d4 Nf6 2. Nf3 e6 3. Bf4 c5 4. c3 Nc6 5. e3 Qb6 6. Qb3 Qxb3 7. axb3 b6 8. h3 Bb7 9. Nbd2 Be7 10. Be2 d5 11. 0-0 cxd4 12. exd4 a5 13. Bc7 Bd8 14. Bf4 Be7 15. Bc7 Bd8 16. Bf4 Rc8 17. Bb5 Bc7 18. Ne5 Nd7 19. Nd3 Bxf4 20. Nxf4 Ke7 21. Rfe1 Kd6 22. Nd3 Ndb8 23. f4 Na7 24. Ne5 Nxb5 25. Nxf7+ Kd7 26. Nxh8 Rxh8 27. Nf3 Nc6 28. Re3 h6 29. Rae1 Nc7 30. Ne5+ Nxe5 31. fxe5 Rf8 32. Rf1 Rxf1+ 33. Kxf1 Ba6+ 34. Ke1 Ke7 35. Rf3 Bb5 36. Kd2 Be8 37. g4 a4 38. bxa4 Bxa4 39. Rf1 Bb3 40. Ra1 Bc4 41. Ra7 Kd7 42. Ra1 Ke7 43. h4 Ba6 44. Ke3 Kf7 45. Kf4 Kg6 46. h5+ Kf7 47. g5 Ke7 48. Kg4 Be2+ 49. Kh4 hxg5+ 50. Kxg5 Bd3 51. Ra7 Kd7 52. Rb7 b5 53. Rb8 Ne8 54. Rb7+ Nc7 55. Rb8 1/2-1/2

[Event "Steinfurt Bezirksliga 0809"]
[Site "Germany"]
[Date "2009.02.14"]
[Round "6.1"]
[White "Langhans, Joerg"]
[Black "Roesner, Harald"]
[Result "1-0"]
[WhiteElo "1864"]
[BlackElo "1820"]
[PlyCount "89"]
[EventDate "2008.09.27"]
[EventType "team-tourn"]
[EventRounds "9"]
[EventCountry "GER"]
[SourceTitle "EXT 2010"]
[Source "ChessBase"]
[SourceDate "2010.11.25"]
[SourceVersion "1"]
[SourceVersionDate "2010.11.25"]
[SourceQuality "1"]
[WhiteTeam "Rheine Klein Berlin II"]
[BlackTeam "Neuenkirchen II"]
[WhiteTeamCountry "GER"]
[BlackTeamCountry "GER"]

1. e4 e5 2. Nf3 Nc6 3. Bb5 Nf6 4. Nc3 d6 5. 0-0 Bd7 6. d4 exd4 7. Nxd4 Be7 8. Bf4 Nxd4 9. Qxd4 Bxb5 10. Nxb5 0-0 11. c4 Nd7 12. Rad1 Bf6 13. Qd2 Re8 14. Rfe1 a6 15. Nc3 Bxc3 16. Qxc3 Qf6 17. Qxf6 Nxf6 18. f3 Nd7 19. Kf2 Re7 20. Rd2 f6 21. b3 h5 22. Red1 Rae8 23. h4 Rf7 24. Rd5 g6 25. Bc1 Nb6 26. R5d3 f5 27. exf5 Rxf5 28. Re3 Rfe5 29. Rxe5 Rxe5 30. Bb2 Re6 31. Rd3 Kf7 32. Bd4 Nd7 33. Re3 Nb8 34. Bc3 Nc6 35. g3 Ne7 36. g4 hxg4 37. fxg4 c6 38. Kf3 Rxe3+ 39. Kxe3 d5 40. Bb4 Ng8 41. cxd5 cxd5 42. Kd4 Ke6 43. g5 b6 44. a4 a5 45. Ba3 1-0

[Event "Neuenkirch SFN CC-ch"]
[Site "Neuenkirchen"]
[Date "2009.02.06"]
[Round "4"]
[White "Brito, Daniel"]
[Black "Roesner, Harald"]
[Result "1-0"]
[WhiteElo "1788"]
[BlackElo "1901"]
[PlyCount "67"]
[EventDate "2009.01.09"]
[EventType "swiss"]
[EventRounds "5"]
[EventCountry "GER"]
[SourceTitle "EXT 2010"]
[Source "ChessBase"]
[SourceDate "2010.11.25"]
[SourceVersion "1"]
[SourceVersionDate "2010.11.25"]
[SourceQuality "1"]

1. e4 c5 2. Nc3 Nc6 3. f4 e6 4. Nf3 d5 5. Bb5 Nge7 6. 0-0 a6 7. Bxc6+ Nxc6 8. d3 Be7 9. Qe1 0-0 10. e5 b5 11. Qg3 f6 12. exf6 Bxf6 13. Ne2 Qe7 14. Ne5 Bb7 15. Bd2 g6 16. c3 Bg7 17. d4 cxd4 18. Nxd4 Nxd4 19. cxd4 Rac8 20. a3 Rfe8 21. Bb4 Qc7 22. Bc5 a5 23. b4 axb4 24. axb4 Ra8 25. Qd3 Bc6 26. Nxc6 Qxc6 27. Ra5 Rxa5 28. bxa5 e5 29. fxe5 Bxe5 30. Qf3 Bg7 31. Qf7+ Kh8 32. a6 Ra8 33. a7 b4 34. Rb1 1-0

[Event "Neuenkirch SFN CC-ch"]
[Site "Neuenkirchen"]
[Date "2008.02.29"]
[Round "5"]
[White "Hollermann, Thomas"]
[Black "Roesner, Harald"]
[Result "1-0"]
[WhiteElo "2182"]
[BlackElo "1849"]
[PlyCount "51"]
[EventDate "2008.01.25"]
[EventType "swiss"]
[EventRounds "5"]
[EventCountry "GER"]
[SourceTitle "EXT 2009"]
[Source "ChessBase"]
[SourceDate "2008.11.26"]
[SourceVersion "1"]
[SourceVersionDate "2008.11.26"]
[SourceQuality "1"]

1. Nf3 Nf6 2. c4 b6 3. Nc3 Bb7 4. g3 e6 5. Bg2 Be7 6. 0-0 0-0 7. Re1 d5 8. cxd5 exd5 9. d4 c5 10. Bf4 Nbd7 11. Ne5 Nxe5 12. Bxe5 Ne4 13. Rc1 Rc8 14. Qa4 a6 15. Nxe4 dxe4 16. dxc5 Bxc5 17. Bh3 Bc6 18. Qd1 Qe7 19. Bxc8 Rxc8 20. Bd4 Bb4 21. Bc3 Bc5 22. Bd4 Bb4 23. Rf1 e3 24. f3 Qe6 25. Qb3 Qd7 26. Qxb4 1-0

[Event "Neuenkirch SFN CC-ch"]
[Site "Neuenkirchen"]
[Date "2008.02.08"]
[Round "1"]
[White "Goeckeler, Andreas"]
[Black "Roesner, Harald"]
[Result "0-1"]
[WhiteElo "1513"]
[BlackElo "1849"]
[PlyCount "92"]
[EventDate "2008.01.25"]
[EventType "swiss"]
[EventRounds "5"]
[EventCountry "GER"]
[SourceTitle "EXT 2009"]
[Source "ChessBase"]
[SourceDate "2008.11.26"]
[SourceVersion "1"]
[SourceVersionDate "2008.11.26"]
[SourceQuality "1"]

1. e4 e5 2. Nf3 Nc6 3. d4 exd4 4. Nxd4 Nf6 5. Bg5 h6 6. Bh4 Be7 7. Nc3 Nxe4 8. Nxc6 bxc6 9. Nxe4 Bxh4 10. Bd3 0-0 11. 0-0 d5 12. Nd2 Bf6 13. Rb1 Rb8 14. Nb3 Be7 15. Nd4 Rb6 16. Nf5 Bxf5 17. Bxf5 Bd6 18. c3 Qh4 19. g3 Qg5 20. Bc2 Rfb8 21. Qd3 g6 22. Bb3 h5 23. Rfc1 h4 24. c4 hxg3 25. fxg3 Bc5+ 26. Kg2 Qe3 27. Qxe3 Bxe3 28. Rc3 d4 29. Rd3 c5 30. Rf1 a5 31. h4 a4 32. Bxa4 Rxb2+ 33. Kh3 Rxa2 34. Bc6 Kg7 35. Bd5 f6 36. g4 Rbb2 37. Rh1 Bf4 38. g5 f5 39. Rg3 Bxg3 40. Kxg3 Rb3+ 41. Bf3 Raa3 42. Rf1 d3 43. Kf4 d2 44. Be2 Re3 45. h5 Rxe2 46. hxg6 Re1 0-1

[Event "Apolda op 16th"]
[Site "Apolda"]
[Date "2007.08.24"]
[Round "2"]
[White "Roesner, Harald"]
[Black "Pokrupa, Marek"]
[Result "0-1"]
[WhiteElo "1988"]
[BlackElo "2186"]
[PlyCount "140"]
[EventDate "2007.08.23"]
[EventType "swiss"]
[EventRounds "7"]
[EventCountry "GER"]
[SourceTitle "CBM 120 Extra"]
[Source "ChessBase"]
[SourceDate "2007.11.01"]
[SourceVersion "1"]
[SourceVersionDate "2007.11.01"]
[SourceQuality "1"]

1. d4 Nf6 2. Nf3 g6 3. Bf4 Bg7 4. e3 d6 5. c3 Nbd7 6. h3 b6 7. Be2 Bb7 8. Nbd2 c5 9. 0-0 0-0 10. Bh2 Rc8 11. a4 a6 12. Qb3 Rc7 13. Rfe1 Qa8 14. dxc5 Rxc5 15. Bf1 Rfc8 16. Qd1 R5c7 17. Nd4 Nc5 18. N4b3 Nfe4 19. Nxc5 Rxc5 20. Nxe4 Bxe4 21. Qe2 a5 22. Red1 Rg5 23. Bg3 h5 24. h4 Rg4 25. Qa6 Bxg2 26. Qxa8 Bxa8 27. Bh3 Bf3 28. Bxg4 hxg4 29. Re1 Rc4 30. Ra3 Bf6 31. Rc1 Rc5 32. Kf1 Kg7 33. Ke1 Rh5 34. Rb3 Bc6 35. Rxb6 Bxa4 36. Ra6 Bb3 37. Ra7 Rc5 38. e4 a4 39. Kd2 Rc4 40. Ke3 Rc5 41. Kf4 Rc4 42. Re1 Bc2 43. Kxg4 Bxe4 44. Kf4 d5 45. Ke3 Bf5 46. Rc7 d4+ 47. cxd4 Bxd4+ 48. Kf3 Rxc7 49. Bxc7 Bxb2 50. Be5+ Bxe5 51. Rxe5 Kf6 52. Ra5 Bc2 53. Kf4 Bb3 54. Ra6+ e6 55. Ra5 Ke7 56. Kg5 Kd6 57. Kf6 e5 58. Rxe5 a3 59. Ra5 a2 60. f4 Kc6 61. f5 gxf5 62. Kxf5 Kb6 63. Ra3 Bc4 64. Kf6 Kb5 65. h5 Kb4 66. Ra7 Bb3 67. h6 Ba4 68. Rxa4+ Kxa4 69. Kxf7 a1Q 70. Kg8 Qg1+ 0-1

[Event "Muensterland Verbandsliga 0607"]
[Site "Germany"]
[Date "2007.03.17"]
[Round "7.7"]
[White "Ter Horst, Carsten"]
[Black "Roesner, Harald"]
[Result "0-1"]
[WhiteElo "1850"]
[BlackElo "1991"]
[PlyCount "78"]
[EventDate "2006.09.16"]
[EventType "team"]
[EventRounds "9"]
[EventCountry "GER"]
[SourceTitle "EXT 2008"]
[Source "ChessBase"]
[SourceDate "2007.11.25"]
[SourceVersion "1"]
[SourceVersionDate "2007.11.25"]
[SourceQuality "1"]
[WhiteTeam "Stadtlohn"]
[BlackTeam "Neuenkirchen"]
[WhiteTeamCountry "GER"]
[BlackTeamCountry "GER"]

1. e4 e5 2. Nf3 Nc6 3. Bb5 Nf6 4. 0-0 Nxe4 5. d4 Nd6 6. Bxc6 dxc6 7. dxe5 Nf5 8. Qe2 Nd4 9. Nxd4 Qxd4 10. Rd1 Bg4 11. Rxd4 Bxe2 12. Nc3 Bh5 13. Bf4 Bc5 14. Rd2 0-0 15. Na4 Bb4 16. c3 Be7 17. Rd7 Rfe8 18. b4 a5 19. Rxc7 axb4 20. Nb6 Ra6 21. Nc8 Bd8 22. Rxb7 bxc3 23. Nd6 Rf8 24. h3 Bg6 25. Be3 c2 26. f4 Bd3 27. Bc5 Rxa2 28. Rc1 Ra5 29. Bd4 Rd5 30. Bb2 g5 31. f5 f6 32. Ra1 fxe5 33. Nc8 Bxf5 34. Ne7+ Bxe7 35. Rxe7 Rd1+ 36. Kh2 Rxa1 37. Bxe5 Rfa8 38. Rg7+ Kf8 39. Bxa1 Rxa1 0-1

[Event "Muensterland Verbandsliga 0607"]
[Site "Germany"]
[Date "2007.01.27"]
[Round "5.7"]
[White "Tepasse, Wilhelm"]
[Black "Roesner, Harald"]
[Result "1/2-1/2"]
[WhiteElo "1857"]
[BlackElo "1991"]
[PlyCount "73"]
[EventDate "2006.09.16"]
[EventType "team"]
[EventRounds "9"]
[EventCountry "GER"]
[SourceTitle "EXT 2008"]
[Source "ChessBase"]
[SourceDate "2007.11.25"]
[SourceVersion "1"]
[SourceVersionDate "2007.11.25"]
[SourceQuality "1"]
[WhiteTeam "Bocholt"]
[BlackTeam "Neuenkirchen"]
[WhiteTeamCountry "GER"]
[BlackTeamCountry "GER"]

1. Nf3 Nf6 2. c4 g6 3. g3 Bg7 4. Bg2 0-0 5. 0-0 c6 6. Nc3 d5 7. cxd5 cxd5 8. d4 Nc6 9. Bf4 Ne4 10. e3 Nxc3 11. bxc3 Bf5 12. Nh4 Bc8 13. e4 dxe4 14. Bxe4 e5 15. Bxc6 bxc6 16. dxe5 Qa5 17. Qd4 h6 18. Nf3 Bg4 19. Qe4 Qxc3 20. Nd4 c5 21. Nc6 Bf3 22. Ne7+ Kh7 23. Qa4 Bxe5 24. Bxe5 Qxe5 25. Rfe1 Qd4 26. Qa3 Bg4 27. Rac1 Qb4 28. Qe3 c4 29. Qf4 Be6 30. Qf6 Qb6 31. Re4 Bh3 32. Qh4 Be6 33. Qf6 Bf5 34. Qxb6 axb6 35. Nxf5 gxf5 36. Rexc4 Rxa2 37. Rb1 1/2-1/2

[Event "Muensterland Verbandsliga 0607"]
[Site "Germany"]
[Date "2006.12.16"]
[Round "4.7"]
[White "Roesner, Harald"]
[Black "Van Ackeren, Franz"]
[Result "1-0"]
[WhiteElo "1991"]
[BlackElo "2100"]
[PlyCount "79"]
[EventDate "2006.09.16"]
[EventType "team"]
[EventRounds "9"]
[EventCountry "GER"]
[SourceTitle "EXT 2008"]
[Source "ChessBase"]
[SourceDate "2007.11.25"]
[SourceVersion "1"]
[SourceVersionDate "2007.11.25"]
[SourceQuality "1"]
[WhiteTeam "Neuenkirchen"]
[BlackTeam "Westbevern"]
[WhiteTeamCountry "GER"]
[BlackTeamCountry "GER"]

1. d4 g6 2. Nf3 Bg7 3. Bf4 f5 4. e3 Nf6 5. c4 d6 6. Nc3 c6 7. h3 0-0 8. Be2 Qa5 9. 0-0 Nh5 10. Bg5 Nf6 11. Bf4 Nbd7 12. Qb3 Kh8 13. Qc2 e5 14. Bh2 Re8 15. a3 Qd8 16. dxe5 dxe5 17. Rad1 Qe7 18. b4 a5 19. c5 Nh5 20. Nd2 axb4 21. axb4 Qh4 22. Qb3 e4 23. Nc4 Qe7 24. Nd6 Rf8 25. Bxh5 gxh5 26. Ne2 Be5 27. Bxe5+ Nxe5 28. Nf4 h4 29. Qc3 Kg8 30. Qb3+ Kh8 31. Qb2 Qg7 32. Kh1 Kg8 33. Ra1 Rb8 34. Qb3+ Kh8 35. Nxc8 Rfxc8 36. Rfd1 Re8 37. Rd6 Qe7 38. Ra7 Red8 39. Qb2 Kg8 40. Re6 1-0

[Event "Muensterland Verbandsliga 0607"]
[Site "Germany"]
[Date "2006.11.25"]
[Round "3.7"]
[White "Roesner, Harald"]
[Black "Binger, Friedhelm"]
[Result "1/2-1/2"]
[WhiteElo "1991"]
[BlackElo "1826"]
[PlyCount "83"]
[EventDate "2006.09.16"]
[EventType "team"]
[EventRounds "9"]
[EventCountry "GER"]
[SourceTitle "EXT 2008"]
[Source "ChessBase"]
[SourceDate "2007.11.25"]
[SourceVersion "1"]
[SourceVersionDate "2007.11.25"]
[SourceQuality "1"]
[WhiteTeam "Neuenkirchen"]
[BlackTeam "Gronau"]
[WhiteTeamCountry "GER"]
[BlackTeamCountry "GER"]

1. d4 d5 2. Nf3 Nf6 3. Bf4 e6 4. e3 Bd6 5. Bg3 c5 6. c3 Nc6 7. Bd3 0-0 8. Nbd2 Qe7 9. Ne5 Bxe5 10. dxe5 Nd7 11. Nf3 f5 12. exf6 Nxf6 13. Ne5 Nxe5 14. Bxe5 b6 15. 0-0 Bb7 16. Qc2 g6 17. Rad1 Rad8 18. h3 Bc6 19. Qe2 Qb7 20. Bb5 Bxb5 21. Qxb5 a6 22. Qe2 b5 23. f3 Nh5 24. Rd2 Rd7 25. Rfd1 Rfd8 26. e4 Qc6 27. Kh2 dxe4 28. Rxd7 Rxd7 29. Rxd7 Qxd7 30. Qxe4 Qd5 31. a3 Qxe4 32. fxe4 Kf7 33. g4 Nf6 34. Bxf6 Kxf6 35. Kg3 Ke5 36. Kf3 g5 37. Ke3 a5 38. Kf3 Kd6 39. Ke3 Ke5 40. Kf3 Kf6 41. Ke3 Ke5 42. Kf3 1/2-1/2

[Event "Muensterland Verbandsliga 0607"]
[Site "Germany"]
[Date "2006.10.28"]
[Round "2.7"]
[White "Wetter, Ralf"]
[Black "Roesner, Harald"]
[Result "1/2-1/2"]
[WhiteElo "1956"]
[BlackElo "1991"]
[PlyCount "21"]
[EventDate "2006.09.16"]
[EventType "team"]
[EventRounds "9"]
[EventCountry "GER"]
[SourceTitle "EXT 2008"]
[Source "ChessBase"]
[SourceDate "2007.11.25"]
[SourceVersion "1"]
[SourceVersionDate "2007.11.25"]
[SourceQuality "1"]
[WhiteTeam "Heiden"]
[BlackTeam "Neuenkirchen"]
[WhiteTeamCountry "GER"]
[BlackTeamCountry "GER"]

1. Nf3 d5 2. d3 Nf6 3. g3 c6 4. Bg2 Bg4 5. h3 Bf5 6. Nh4 Bc8 7. 0-0 e5 8. Nd2 Be7 9. e4 dxe4 10. dxe4 Be6 11. Nf5 1/2-1/2

[Event "Vienna op-A 15th"]
[Site "Vienna"]
[Date "2006.08.03"]
[Round "6"]
[White "Roesner, Harald"]
[Black "Ponjican, Erich"]
[Result "1/2-1/2"]
[WhiteElo "1991"]
[BlackElo "2118"]
[PlyCount "151"]
[EventDate "2006.07.29"]
[EventType "swiss"]
[EventRounds "9"]
[EventCountry "AUT"]
[SourceTitle "CBM 113 Extra"]
[Source "ChessBase"]
[SourceDate "2006.09.14"]
[SourceVersion "1"]
[SourceVersionDate "2006.09.14"]
[SourceQuality "1"]

1. d4 d5 2. Nf3 Nf6 3. Bf4 e6 4. e3 Be7 5. Bd3 0-0 6. Nbd2 c5 7. c3 b6 8. Ne5 Bb7 9. 0-0 Nbd7 10. Ndf3 Ne4 11. Nxd7 Qxd7 12. Ne5 Qe8 13. Qe2 a6 14. a4 f6 15. Nf3 g5 16. Bc7 Qc6 17. Bg3 h5 18. h3 Nxg3 19. fxg3 Kg7 20. Nxg5 Rh8 21. Qf2 Raf8 22. Nf3 Bd6 23. Nh4 Rh6 24. Rae1 f5 25. b4 c4 26. Bc2 Bc8 27. a5 bxa5 28. bxa5 Qc7 29. Kh2 Kh8 30. Nf3 Rg8 31. Ne5 Bxe5 32. dxe5 Qxe5 33. Qf4 Qg7 34. Bd1 h4 35. g4 e5 36. Qf2 fxg4 37. Bxg4 Bxg4 38. hxg4 Qxg4 39. Rb1 Rhg6 40. Rb2 Qe4 41. Qf3 Qxf3 42. Rxf3 Rg3 43. Rf6 R8g6 44. Rf7 Rg7 45. Rf6 R3g6 46. Rf5 Rg5 47. Rf6 R7g6 48. Rf7 Rg3 49. Rb8+ Rg8 50. Rb2 R8g7 51. Rf6 Kh7 52. Rxa6 Rxe3 53. Rd6 Rd3 54. Ra2 d4 55. cxd4 Rxd4 56. Rc6 e4 57. a6 Ra7 58. Rb6 c3 59. Rb7+ Rxb7 60. axb7 Rb4 61. Rc2 Rxb7 62. Rxc3 Kg6 63. g3 Kg5 64. gxh4+ Kxh4 65. Kg2 Kg4 66. Kf2 Kf4 67. Ke2 Rb2+ 68. Ke1 e3 69. Rc8 Rb1+ 70. Ke2 Rb2+ 71. Ke1 Rb4 72. Ke2 Rb3 73. Rf8+ Ke4 74. Re8+ Kd4 75. Rd8+ Kc5 76. Rd3 1/2-1/2

[Event "Muensterland Verbandsliga 0506"]
[Site "Germany"]
[Date "2006.04.01"]
[Round "9.6"]
[White "Rothkegel, Juergen"]
[Black "Roesner, Harald"]
[Result "1/2-1/2"]
[WhiteElo "1881"]
[BlackElo "1994"]
[PlyCount "43"]
[EventDate "2005.08.27"]
[EventType "team"]
[EventRounds "9"]
[EventCountry "GER"]
[SourceTitle "EXT 2006"]
[Source "ChessBase"]
[SourceDate "2005.11.24"]
[SourceVersion "1"]
[SourceVersionDate "2005.11.24"]
[SourceQuality "1"]
[WhiteTeam "Gronau"]
[BlackTeam "Neuenkirchen"]
[WhiteTeamCountry "GER"]
[BlackTeamCountry "GER"]

1. e4 e5 2. Nf3 Nc6 3. Bc4 Nf6 4. d4 exd4 5. 0-0 Be7 6. e5 Ne4 7. Bd5 Nc5 8. Nxd4 0-0 9. Re1 Nxd4 10. Qxd4 d6 11. Nc3 dxe5 12. Qxe5 Bd6 13. Qg5 Qxg5 14. Bxg5 c6 15. Ne4 Nxe4 16. Bxe4 h6 17. Be3 Be6 18. Bd4 Rfd8 19. Bc3 Bc7 20. Rad1 Rxd1 21. Rxd1 Rd8 22. Rxd8+ 1/2-1/2